000 00599nam a22001937a 4500
005 20251108170100.0
008 250721s1997 xx 000 0 ara d
082 1 4 _aط/ق/ديز
100 1 _aديزني، والت
245 1 0 _aبطوط و بحيرة الكريستال /
264 1 _aالقاهرة :
_bدار المعارف للطبعة العربية،
_c1997.
300 _a101ص
490 0 _aميكي بطوط
650 1 7 _aأدب الأطفال
650 1 7 _aالقصص العربية
700 1 _aتادرس، اريت فايز
_eترجمة
942 _2ddc
_cBK
999 _c39318
_d39318